Gestá, symboly, ceromónie a rituály v stredoveku

Bibliographic Details
Main Authors: Bystrický, Peter, 1976- (Author, Editor), Hudáček, Pavol, 1981- (Author), Glejtek, Miroslav, 1981- (Author), Hlavačková, Miriam, 1968- (Author), Homoľa, Tomáš, 1986- (Author), Hurbanič, Martin, 1971- (Author), Lysá, Žofia, 1978- (Author), Nodl, Martin, 1968- (Author), Veselovská, Eva, 1974- (Author), Zupka, Dušan, 1981- (Author)
Format: Book
Language:Slovak
Czech
PhysicalDescription:263 strán faksimile, fotografie, tabuľky 25 cm
Published: Bratislava Veda, vydavateľstvo SAV Historický ústav SAV 2019
ISBN:9788022417877
Subjects:

MARC

LEADER 00000cam a2200000 4500
001 vtls011967628
003 SK-MaSNL
005 20260301225630.0
008 210701s2019 xo hol frni 001 0 slo
015 |a SNBA2020/07 
020 |a 9788022417877  |q (viazané) 
035 |a urn:nbn:sk:snk-am00fgjm 
035 |a urn:nbn:sk:snk-am3isvd 
035 |a 528B2123-3E55-49A0-AFED-DCCF250F2614 
040 |a SNK  |b slo  |c SNK  |e rda 
041 0 |a slo  |a cze  |b eng 
044 |a xo  |c SK 
072 7 |a 94(100)"04/ ..."  |x Dejiny stredoveku a novoveku (všeobecne)  |2 konspekt 
072 7 |a 392  |x Zvyky, mravy, obyčaje v súkromnom živote  |2 konspekt 
080 |a 165.212  |2 2011 
080 |a 392/394  |2 2011 
080 |a 94"04/14"  |2 2011 
080 |a 159.925.8  |2 2011 
080 |a (048.8:082)  |2 2011 
100 1 |a Bystrický, Peter,  |d 1976-  |4 aut  |4 edt  |9 106040 
245 1 0 |a Gestá, symboly, ceromónie a rituály v stredoveku  |c Peter Bystrický, Pavol Hudáček a kol. 
264 1 |a Bratislava  |b Veda, vydavateľstvo SAV  |b Historický ústav SAV  |c 2019 
300 |a 263 strán  |b faksimile, fotografie, tabuľky  |c 25 cm 
336 |a text  |b txt  |2 rdacontent 
337 |a bez média  |b n  |2 rdamedia 
338 |a zväzok  |b nc  |2 rdacarrier 
500 |a Obsahuje biografické a profesijné údaje o autoroch na strane 261-263 
500 |a Obsahuje zoznam skratiek a značiek 
500 |a Obsahuje poznámky pod čiarou 
504 |a Obsahuje bibliografiu na strane 215-252 ; bibliografické odkazy ; výberový register na strane 243-260 
546 |a Čiastočný text v češtine ; anglický obsah a resumé 
650 0 7 |a symboly  |2 SNKPH  |9 27266 
650 0 7 |a rituály a obrady  |2 SNKPH  |9 69610 
650 0 7 |a stredovek  |2 SNKPH  |9 4259 
650 0 7 |a gesto  |2 SNKPH  |9 71890 
650 0 7 |a Symbols  |2 SNKPHeng  |9 306707 
650 0 7 |a Rites and ceremonies  |2 SNKPHeng  |9 294917 
650 0 7 |a Middle Ages  |2 SNKPHeng  |9 263011 
650 0 7 |a Gesture  |2 SNKPHeng  |9 569327 
655 7 |a kolektívne monografie  |2 SNKPH  |9 249850 
655 7 |a Collective monographs  |2 SNKPHeng  |9 125747 
700 1 |a Hudáček, Pavol,  |d 1981-  |4 aut  |9 78602 
700 1 |a Glejtek, Miroslav,  |d 1981-  |4 aut  |9 167198 
700 1 |a Hlavačková, Miriam,  |d 1968-  |4 aut  |9 103931 
700 1 |a Homoľa, Tomáš,  |d 1986-  |4 aut  |9 185687 
700 1 |a Hurbanič, Martin,  |d 1971-  |4 aut  |9 104958 
700 1 |a Lysá, Žofia,  |d 1978-  |4 aut  |9 163525 
700 1 |a Nodl, Martin,  |d 1968-  |4 aut  |9 101865 
700 1 |a Veselovská, Eva,  |d 1974-  |4 aut  |9 213790 
700 1 |a Zupka, Dušan,  |d 1981-  |4 aut  |9 242372 
710 2 |a Slovenská akadémia vied.  |b Historický ústav  |4 pbl  |9 124213 
852 |a Štátna vedecká knižnica v Banskej Bystrici 
919 |a 978-80-224-1787-7 
958 |a OND 
958 |a NB 
999 |c 951613  |d 953543 
952 |a SNK  |b SNK  |y PREZ  |7 0  |p 17A1427266  |o snkSC 189101  |i snk2020/11138  |8 0  |0 0  |1 0  |4 0  |d 2020-06-23  |f 1  |l 0  |r 2025-10-06 00:00:00  |w 2026-02-24 
952 |a SNK  |b SNK  |y VYP  |7 0  |p 17A1427267  |o snkSC 189101 D1  |i snk2020/11139  |8 0  |0 0  |1 0  |4 0  |d 2020-06-23  |l 0  |r 2026-02-24 09:51:07  |w 2026-02-24